Využitie Fentonovej reakcie k degradácii vybraných polutantov vôd III : Obh. 25.5.1998 /

Enregistré dans:
Détails bibliographiques
Auteur principal: Vačoková, Adriana (Auteur)
Format: Manuscrit Livre
Langue:slovaque
Publié: Bratislava : STU v Bratislave ChtF, 1998
Tags: Ajouter un tag
Pas de tags, Soyez le premier à ajouter un tag!

MARC

LEADER 00000ntm a22000003a 4500
001 stu33951
005 20150617225733.5
008 980917s1998----xo------------------slo-d
040 |a STU  |b slo 
041 0 |a slo 
044 |a xo 
100 1 |a Vačoková, Adriana  |4 aut 
245 1 |a Využitie Fentonovej reakcie k degradácii vybraných polutantov vôd III :  |b Obh. 25.5.1998 /  |c [aut.]Vačoková,Adriana 
260 |a Bratislava :  |b STU v Bratislave ChtF,  |c 1998 
300 |a 57 s :  |b Tab.,lit 
500 |a Zameranie: Technol.životného prostredia 
996 |b CD12705  |c C*D12705  |l CCI  |s A  |a 24  |w stu33951_0001